[Event "Alzira-ch Provincial Primera"]
[Site "Alzira"]
[Date "2013.10.26"]
[Round "3"]
[White "Domenech Sanz, Vicente"]
[Black "Pascual Rubio, Josep"]
[Result "0-1"]
[WhiteElo "1539"]
[BlackElo "1329"]
[PlyCount "62"]
[EventDate "2013.10.05"]
[EventType "swiss"]
[EventRounds "7"]
[EventCountry "ESP"]
[SourceTitle "EXT 2016"]
[Source "ChessBase"]
[SourceDate "2015.10.08"]
[SourceVersion "1"]
[SourceVersionDate "2015.10.08"]
[SourceQuality "1"]

1. e4 d6 2. Nf3 Nf6 3. Nc3 g6 4. Bc4 Bg7 5. d3 0-0 6. a3 e5 7. Bg5 c6 8. Qc1 Nbd7 9. h4 h5 10. Nh2 Qe8 11. f3 Nb6 12. Ba2 Be6 13. Qd2 Bxa2 14. Nxa2 a5 15. g4 Nbd7 16. gxh5 Nxh5 17. 0-0-0 Qe6 18. Kb1 d5 19. exd5 cxd5 20. Nc3 Qc6 21. Ng4 b5 22. Bh6 f5 23. Bxg7 Nxg7 24. Nh6+ Kh7 25. Rdg1 f4 26. h5 Nxh5 27. Ng4 b4 28. Rxh5+ gxh5 29. Qh2 Rf5 30. Ne4 dxe4 31. dxe4 Rg5 0-1